00956nam a22002537a 450000100060000000300080000600500170001400800410003103500190007204000260009104100080011708200220012510000250014724500960017226000520026830000210032049000270034150400200036850501030038865000370049194200120052899900170054095201450055725370BD-RjUL20211209050853.0140318r19501921enk 001 0 eng d a(BD-RjUL)25440 aBD-RjULbengcBD-RjUL aeng a920bPHP V-2 19501 aPhilostratus.974151 aPhilostratus :bthe life of Apollonius of Tyana /ctranslated by F.C. Conybeare.nVolume II aLondon :bWilliam Heinemann,c[Reprinted 1950]. a622 p. ;c17 cm.1 aLoeb Classical Library aIncludes index.1 a The life of Apollonius of Tyana, Books VI -- VIII; Epistles of Apollonius; Treatise of Eusebius. 0aApollonius, -- of Tyana. 978005 2ddccBK c25370d25370 00102ddc40728FICaRUCLbRUCLcReadingd1955-03-09eSipkim Marshellg15.00l0o920 PHP V-2 1950r2014-03-18 00:00:00tC-1w2014-03-18yBK